书目信息 |
| 题名: |
创新管理学学科前沿研究报告
|
|
| 作者: | 王京安 主编 | |
| 分册: | ||
| 出版信息: | 北京 经济管理出版社 2013 |
|
| 页数: | 367页 | |
| 开本: | 26cm | |
| 丛书名: | 经济管理学科前沿研究报告系列丛书 | |
| 单 册: | ||
| 中图分类: | F279.1 | |
| 科图分类: | ||
| 主题词: | 创新管理--研究报告--世界--2010 , 创新管理 | |
| 电子资源: | ||
| ISBN: | 978-7-5096-2142-4 | |
| 000 | 01191nam0 2200289 450 | |
| 001 | 5 | |
| 005 | 20140909092740.90 | |
| 010 | @a978-7-5096-2142-4@dCNY79.00 | |
| 100 | @a20131010d2013 em y0chiy50 ea | |
| 101 | 0 | @achi |
| 102 | @aCN@b110000 | |
| 105 | @aa z 001yy | |
| 106 | @ar | |
| 200 | 1 | @a创新管理学学科前沿研究报告@AChuang Xin Guan Li Xue Xue Ke Qian Yan Yan Jiu Bao Gao@dThe frontier research report on discipline of innovation management@f王京安主编@FWang Jing An Zhu Bian@zeng |
| 210 | @a北京@c经济管理出版社@d2013 | |
| 215 | @a367页@c图@d26cm | |
| 225 | 2 | @a经济管理学科前沿研究报告系列丛书@f金碚主编 |
| 300 | @a“十二五”国家重点图书出版规划项目 中国社会科学院创新工程学术出版资助项目/金碚总主编 | |
| 330 | @a本书介绍了2010年度创新管理方面国内外的发展状况、最新动态、重要理论观点、前沿问题、热点问题等。 | |
| 461 | 0 | @12001 @a经济管理学科前沿研究报告系列丛书 |
| 510 | 1 | @aFrontier research report on discipline of innovation management@zeng |
| 606 | 0 | @a创新管理@x研究报告@y世界@z2010 |
| 606 | 0 | @a创新管理 |
| 690 | @aF279.1@v5 | |
| 701 | 0 | @a王京安@AWang Jing An@f(1971.6~)@4主编 |
| 801 | 0 | @aCN@bTANGWEI@c20140603 |
| 905 | @b0838291-93@dF279.1@e1121@f3 | |
| 创新管理学学科前沿研究报告=The frontier research report on discipline of innovation management/王京安主编.-北京:经济管理出版社,2013 |
| 367页:图;26cm.-(经济管理学科前沿研究报告系列丛书/金碚主编) |
| “十二五”国家重点图书出版规划项目 中国社会科学院创新工程学术出版资助项目/金碚总主编 |
| ISBN 978-7-5096-2142-4:CNY79.00 |
| 本书介绍了2010年度创新管理方面国内外的发展状况、最新动态、重要理论观点、前沿问题、热点问题等。 |
| ● |
| 相关链接 |
|
|
|
|
正题名:创新管理学学科前沿研究报告
索取号:F279.1/1121
 
预约/预借
| 序号 | 登录号 | 条形码 | 馆藏地/架位号 | 状态 | 备注 |
| 1 | 0838291 | 208382917 | 第一样本阅览室/ [索取号:F279.1/1121] | 在馆 | |
| 2 | 0838292 | 208382926 | 第一借阅区/ [索取号:F279.1/1121] | 在馆 | |
| 3 | 0838293 | 208382935 | 密集书库-海洋学院/ [索取号:F279.1/1121] | 在馆 |